| 000 | 02329nam a2200469Ii 4500 | ||
|---|---|---|---|
| 001 | DIGSIGHOM009 | ||
| 003 | NyNyDIG | ||
| 008 | 141101s2012 ck ab ob s001 0 spa d | ||
| 006 | m o d | ||
| 007 | cr ||||||||||| | ||
| 020 | _z9789586652032 | ||
| 020 | _z9586652033 | ||
| 035 | _a(OCoLC)847595957 | ||
| 040 |
_aDGITA _beng _erda _epn _cDGITA |
||
| 041 | 1 |
_aspa _heng |
|
| 043 | _as-ck--- | ||
| 050 | 1 | 4 | _aHV5840.C7 eBook |
| 100 | 1 |
_aHenderson, James D., _d1942- _eauthor. |
|
| 245 | 1 | 0 |
_aVíctima de la globalización : _bla historia de cómo el narcotráfico destruyó la paz en Colombia / _cJames D. Henderson ; [traducción, Magdalena Holguín] |
| 250 | _aPrimera edición. | ||
| 264 | 1 |
_aBogotá D.C. : _bSiglo del Hombre Editores, _c2012. |
|
| 300 |
_a1 online resource (382 pages) : _billustrations. |
||
| 336 |
_atext _btxt _2rdacontent |
||
| 337 |
_acomputer _bc _2rdamedia |
||
| 338 |
_aonline resource _bcr _2rdacarrier |
||
| 490 | 1 | _aBiblioteca José Martí. Colección Historia Crítica. | |
| 504 | _aIncludes bibliographical references (pages 367-382) and index. | ||
| 505 | 0 | _aIntroducción. Derecha e izquierda en la violencia y las drogas ilíticitas en Colombia -- La década de paz en Colombia, 1965-1975 -- La hidra de las drogas ilícitas, 1970-1983 -- La guerra de los carteles contra el estado, 1984-1994 -- La guerra de la guerrilla contra el estado -- La ofensiva paramilitar -- Colombia se endurece. | |
| 588 | 0 | _aOnline resource; title from ePub and PDF title page (Digitalia, viewed November 5, 2014) | |
| 650 | 0 |
_aDrug traffic _zColombia _xHistory _y20th century. |
|
| 650 | 0 |
_aPolitical violence _zColombia _xHistory _y20th century. |
|
| 650 | 0 |
_aParamilitary forces _zColombia _xHistory _y20th century. |
|
| 655 | 0 | _aElectronic books. | |
| 700 | 1 |
_aHolguín,Magdalena, _etranslator. |
|
| 791 | 2 |
_aDigitalia (Firm), _edistributor. |
|
| 793 | 0 |
_gDigitalia eBook Collection: _aSiglo del Hombre Editores |
|
| 776 | 0 | 8 |
_iPrint version: _aHenderson, James D. _tVíctima de la globalización. _dBogotá : Siglo del Hombre Editores, 2012 _z9789586652032 _w(OCoLC)796082939. |
| 830 | 0 |
_aBiblioteca José Martí. _pColección Historia Crítica. |
|
| 856 | 4 | 0 |
_3Digitalia Hispánica _uhttps://www.digitaliapublishing.com/a/28517/ |
| 910 | _aPremium Collection: 2014 | ||
| 942 | _cRAA | ||
| 999 |
_c239183 _d239183 |
||